Intellectual Property Rights and Economic Development / (Record no. 1737)

000 -LEADER
fixed length control field 00766nam a2200253 a 4500
007 - PHYSICAL DESCRIPTION FIXED FIELD--GENERAL INFORMATION
fixed length control field ta
008 - FIXED-LENGTH DATA ELEMENTS--GENERAL INFORMATION
fixed length control field 200117t2000 xxuad||g |||| 00| 0 eng d
020 ## - INTERNATIONAL STANDARD BOOK NUMBER
International Standard Book Number 9780821347089
040 ## - CATALOGING SOURCE
Original cataloging agency IMU Kochi Library
Language of cataloging eng
041 0# - LANGUAGE CODE
Language code of text/sound track or separate title eng
044 ## - COUNTRY OF PUBLISHING/PRODUCING ENTITY CODE
MARC country code United States
082 04 - DEWEY DECIMAL CLASSIFICATION NUMBER
Edition number 23
Classification number 338.926091724
Item number B7302
245 10 - TITLE STATEMENT
Title Intellectual Property Rights and Economic Development /
260 ## - PUBLICATION, DISTRIBUTION, ETC. (IMPRINT)
Place of publication, distribution, etc Washington D. C. :
Name of publisher, distributor, etc The World Bank ,
Date of publication, distribution, etc 2000 .
300 ## - PHYSICAL DESCRIPTION
Extent ix , 57 p. :
Other physical details ill., Charts. ;
Dimensions 28 cm.
490 0# - SERIES STATEMENT
Series statement World Bank Discussion Paper No. 412 ;
650 #0 - SUBJECT ADDED ENTRY--TOPICAL TERM
Topical term or geographic name as entry element Economic development
Form subdivision Textbooks
700 ## - ADDED ENTRY--PERSONAL NAME
Personal name Primo Braga, Carlos A.
Relator term Joint Author
700 ## - ADDED ENTRY--PERSONAL NAME
Personal name Fink, Carsten
Relator term Joint Author
700 ## - ADDED ENTRY--PERSONAL NAME
Personal name Sepulveda, Claudia Paz
Relator term Joint Author
852 ## - LOCATION/CALL NUMBER
Location IMU Kochi Library
904 ## - LOCAL DATA ELEMENT D, LDD (RLIN)
CATALOGER Reshma Rajesh
942 ## - ADDED ENTRY ELEMENTS (KOHA)
Item type Reference book
Holdings
Withdrawn status Lost status Source of classification or shelving scheme Damaged status Not for loan Collection code Permanent location Current location Shelving location Date acquired Source of acquisition Full call number Barcode Date last seen Koha item type Public note
          Gifted Collection IMU Kochi Library IMU Kochi Library Reference 2013-01-17 Donated Books 338.926091724 B7302 G0083 2020-01-17 Gratis Books Shelf-22, Row-5


Copyright © All Rights Reserved by Indian Maritime University, Kochi Campus.
For any Suggestions/Query Contact to library or Email: library.kochi@imu.ac.in Ph:(0484)-2989402
(Web OPAC Designed by Rudra Ranjan. Maintained by IMU Kochi Library)

Powered by Koha